=LDR 00000nam 2200000 4500 =001 INLIS000000000033973 =005 20130612135909 =008 ***********************************ind** =035 ##$$0010-061300000033973 =041 ##$$a ind =082 ##$$a 500 =090 ##$$a 500, Aly i =100 ##$$a Aly, Abdullah =245 ##$$a Ilmu Alamiah Dasar Untuk Perguruan Tinggi Negeri dan Swasta Seluruh Indonesia, Drs.Abdullah Aly,Ir Eny Rahman =260 ##$$a 1994 $b Jakarta =300 ##$$a xi,179 hlm., 21 cm =650 ##$$a Ilmu Murni =850 ##$$a NBPNMAT